Statistiques concernant Les Clubs de Diego Maradona

Cliquez ici pour prendre le quiz!

Statistiques générales

  • Ce quiz a été pris 66 fois
  • Le résultat moyen est 4 sur 6

Statistiques - réponses

Réponse% Correct
Naples
100%
FC Barcelone
93%
Boca Juniors
88%
Séville FC
49%
Newell's Old Boys
42%
Argentinos Juniors
36%

Distribution des résultats

Percentile par nombre de réponses

% des personnes avec chaque résultat

Votre développement - résultats

Vous n’avez pas pris ce quiz